000 00414nmm a2200145Ia 4500
008 251105s9999||||xx |||||||||||||||||und||
041 _aspa
100 _aRío, Ana María del
245 0 _aLa historia de Manú
264 _a[Santiago de Chile, Chile] :
_bPatagonia,
_c2011
300 _a26 páginas
650 _aAges 9-12 Years Old
856 _uhttps://public.digitaliapublishing.com/a/23672
942 _cCF
999 _c104455
_d104455